Random Fast Type Letters - Statistics

General Stats
  • This quiz has been taken 116 times
  • The average score is 20 of 26
Answer Stats
Hint Answer % Correct
W W
86%
A A
83%
N N
83%
G G
82%
P P
82%
Z Z
82%
O O
80%
J J
79%
X X
79%
Y Y
79%
D D
77%
I I
77%
K K
77%
S S
77%
T T
77%
V V
77%
F F
76%
M M
76%
B B
74%
C C
74%
H H
74%
L L
74%
E E
73%
R R
73%
Q Q
71%
U U
70%
No matching quizzes found
Score Distribution
Percent of People with Each Score
Percentile by Number Answered
Your Score History
You have not taken this quiz